000 00337 a2200145 4500
001 155453
040 _cEscola São Tomás de Aquino
100 _aMEDEL, Cássia Ravena Mulin de A.
240 1 0 _aEducação infantil
_lpor
245 1 0 _aEducação infantil
362 0 _a2011
440 1 _aVozes
697 _aEducação
942 _cBK
999 _c155453
_d155453